00342nam a2200133Ia 4500008004100000020001800041041001200059100001900071245005900090260002600149300000800175650001100183700001400194221030s9999 xx 000 0 und d a9788177585681 aEnglish aN. H. E. Weste 0aCMOS VLSI Design 3rd Ed.cby N. H. E. Weste, D. Harris bPearsonaNew Delhic0 a659 aBB ECE aD. Harris